| 000 | 00362nam a22001577a 4500 | ||
|---|---|---|---|
| 003 | SGT | ||
| 020 | _a9789388022026 | ||
| 082 |
_a617.63 _bO19S |
||
| 100 | _aMohammad Anwar Shahid | ||
| 245 | _aOral Mycoses | ||
| 250 | _a1ST | ||
| 260 |
_aNEW DELHI _bIP Innovative Publication Pvt. Limited _c2019 |
||
| 300 | _a1-57 | ||
| 650 | _aPATHOLOGY | ||
| 942 |
_2ddc _cBK |
||
| 999 |
_c20150 _d20150 |
||